000 01019nam a2200277 4500
003 OSt
005 20260421053545.0
006 a
008 240618b |||||||| |||| 00| 0 eng d
020 _a9781118108567
040 _aDWCL-Main lib.
_cOC
082 _2First edition
_aCirc. 510.712 M986t 2012
100 _aMuschla, Judith A.
245 _aTeaching the common core math standards with hands-on activities, grades 6-8 /
250 _aFirst edition
260 _aSan Francisco :
_bJossey-Bass,
_cc2012.
300 _axvi,
_b254 p. ;
_c28 cm.
490 _3Jossey-Bass teacher
504 _aIncludes index.
650 _a1. Mathematics–Study and teaching (Middle school)–U.S.
650 _a2. Mathematics–Study and teaching (Middle school)–Activity programs–U.S.. .
650 _a3. Mathematics–Study and teaching (Middle school)–Standards–U.S.
650 _a4. Middle school education–Curricula–S.
700 _aJudith A. Muschla
942 _2ddc
_n0
_cBK-CIRC
_eFirst edition
_kCirc.
999 _c794
_d794